000
00325nam a2200121Ia 4500
008
220216s9999 xx 000 0 und d
100
_a
Thomas Kurian K
245
0
_a
Indian rubber plantation industry in retrospect
260
_b
Indian Rubber Journal
_c
2003
300
_a
54-60
650
_a
Plantation industry
942
_c
JS
999
_c
61099
_d
61099